[Event "5th Asia-ch"]
[Site "Hyderabad IND"]
[Date "2005.10.07"]
[Round "2"]
[White "Mahjoob, Morteza"]
[Black "Xie, George Wendi"]
[Result "1-0"]
[WhiteElo "2418"]
[BlackElo "2340"]
[EventDate "2005.10.05"]
[PlyCount "95"]

1.Nf3 c5 2.c4 Nc6 3.d4 cxd4 4.Nxd4 Nf6 5.Nc3 e6 6.g3 Bc5 7.Nb3 Be7 8.Bg2 
d5 9.cxd5 exd5 10.O-O O-O 11.Nxd5 Nxd5 12.Qxd5 Be6 13.Qxd8 Rfxd8 14.Be3 
Bc4 15.Rfc1 Bd5 16.Nc5 Bxg2 17.Kxg2 b6 18.Nd3 Nd4 19.Bxd4 Rxd4 20.Rc7 Bd6 
21.Rc6 Re8 22.Kf1 f5 23.Rac1 Kf7 24.Rc8 Re7 25.Rd8 g5 26.Rcc8 f4 27.gxf4 
gxf4 28.Nxf4 Rxf4 29.Rxd6 Rh4 30.Rd3 Rxh2 31.Rf3+ Kg7 32.Rg3+ Kf7 33.Rcg8 
Re4 34.R3g7+ Kf6 35.Rxa7 Rh1+ 36.Kg2 Rb1 37.Kf3 Re5 38.Rf8+ Kg6 39.b3 Rb2 
40.e3 Ra5 41.Rxa5 bxa5 42.a4 Rxb3 43.Ra8 h5 44.Rxa5 h4 45.Kg4 Rb2 46.Rg5+ 
Kf6 47.Rf5+ Kg6 48.Rf4 1-0

[Event "5th Asia-ch"]
[Site "Hyderabad IND"]
[Date "2005.10.07"]
[Round "2"]
[White "Satyapragyan, Swayangsu"]
[Black "Gopal, Geetha Narayanan"]
[Result "1/2-1/2"]
[WhiteElo "2411"]
[BlackElo "2327"]
[EventDate "2005.10.05"]
[PlyCount "68"]

1.e4 c5 2.Nc3 d6 3.Nf3 a6 4.d4 cxd4 5.Nxd4 Nf6 6.Be3 e5 7.Nf3 Qc7 8.a4 Be7
9.a5 Nbd7 10.Nd2 b5 11.axb6 Nxb6 12.Bxb6 Qxb6 13.Bb5+ Kf8 14.O-O Bb7 15.
Bc4 g6 16.Bb3 a5 17.Nc4 Qc5 18.Ne3 Nxe4 19.Nxe4 Bxe4 20.Bd5 Bxd5 21.Nxd5 
Rb8 22.Qd2 Bd8 23.c3 Kg7 24.b4 axb4 25.cxb4 Qb5 26.Rad1 Re8 27.Rfe1 h6 28.
h3 Bg5 29.Qb2 Qc4 30.Qa3 Rec8 31.Qa7 Qc6 32.f4 Bh4 33.Rf1 Rb7 34.Qe3 Rb5 
1/2-1/2

[Event "5th Asia-ch"]
[Site "Hyderabad IND"]
[Date "2005.10.07"]
[Round "2"]
[White "Simonenko, Sergei"]
[Black "Yogesh, Gore"]
[Result "1-0"]
[WhiteElo "2409"]
[BlackElo "2316"]
[EventDate "2005.10.05"]
[PlyCount "107"]

1.d4 d6 2.c4 Nd7 3.Nf3 g6 4.Nc3 Bg7 5.e4 e5 6.Be2 Ne7 7.h4 h6 8.h5 g5 9.d5
a5 10.g4 Nf6 11.Nd2 Bd7 12.Nf1 c6 13.Ne3 cxd5 14.cxd5 Rc8 15.f3 O-O 16.Nc4
b5 17.Nxd6 Rxc3 18.bxc3 Qb6 19.Nf5 Nxf5 20.gxf5 Rc8 21.Qd3 Bf8 22.Be3 Bc5 
23.Bxc5 Rxc5 24.Rb1 Qc7 25.Kd2 Ne8 26.a4 Nd6 27.axb5 Bxb5 28.Qe3 Bxe2 29.
Qxe2 Nc4+ 30.Ke1 a4 31.Kf2 Ra5 32.Rb4 Qc5+ 33.Kg3 Nd6 34.Qf2 Qxc3 35.Qb6 
Rb5 36.Qxd6 Rxb4 37.Qd8+ Kh7 38.Qf8 Qd2 39.Qxf7+ Kh8 40.Qf6+ Kg8 41.Qg6+ 
Kh8 42.Qxh6+ Kg8 43.Qe6+ Kh7 44.Qe7+ Kg8 45.Qd8+ Kh7 46.Qc7+ Kh6 47.Qc6+ 
Kh7 48.Qc1 Qf4+ 49.Qxf4 gxf4+ 50.Kg4 Rb6 51.Ra1 Ra6 52.f6 Kg8 53.Ra3 Kf8 
54.Kf5 1-0

[Event "5th Asia-ch"]
[Site "Hyderabad IND"]
[Date "2005.10.07"]
[Round "2"]
[White "Sai Srinivas, Dasari"]
[Black "Gupta, Abhijeet"]
[Result "0-1"]
[WhiteElo "2304"]
[BlackElo "2404"]
[EventDate "2005.10.05"]
[PlyCount "162"]

1.e4 c5 2.Nf3 d6 3.d4 cxd4 4.Nxd4 Nf6 5.Bd3 Nc6 6.Nxc6 bxc6 7.c4 e5 8.Nc3 
Be7 9.O-O O-O 10.Kh1 Be6 11.f4 exf4 12.Bxf4 Nd7 13.Be2 Qb8 14.Qd2 Ne5 15.
b3 Rd8 16.Rad1 Qc7 17.Qe3 Ng6 18.Bg3 Qa5 19.Na4 Rd7 20.Be1 Qd8 21.Bc3 Bg5 
22.Qd4 Bf6 23.Rxf6 Qxf6 24.Qxf6 gxf6 25.Bxf6 Re8 26.Kg1 h6 27.Nc3 Kh7 28.
c5 dxc5 29.Rf1 Rd2 30.h4 Nf8 31.h5 Nd7 32.Bh4 Rc2 33.Be1 Rg8 34.Rf2 Ne5 
35.Bd1 Rxf2 36.Bxf2 Bh3 37.g3 Rd8 38.Be2 Rd2 39.Bxc5 Rc2 40.Bd4 Ng4 41.
Bxg4 Bxg4 42.a3 Bxh5 43.b4 Bf3 44.Kf1 Kg6 45.Na4 a6 46.Nc5 Kh5 47.Be5 Kg4 
48.Ke1 Re2+ 49.Kf1 Ra2 50.a4 Bd1 51.Ke1 Bxa4 52.Nxa6 Kf3 53.Nc5 Re2+ 54.
Kf1 Bc2 55.Bf4 Bxe4 56.Bxh6 Rb2 57.Ke1 Rxb4 58.Bf4 Bf5 59.Kd2 Rb5 60.Bd6 
Be6 61.Kc3 Rb1 62.Nd3 Bd5 63.Kd4 Rd1 64.Kc3 Be4 65.Ne5+ Kg2 66.Nc4 Rd3+ 
67.Kb4 f5 68.Kc5 Bd5 69.Nb2 Rb3 70.Na4 Rxg3 71.Bxg3 Kxg3 72.Kd4 f4 73.Nc3 
f3 74.Ke3 Kg2 75.Nd1 Be6 76.Nf2 Bf5 77.Nd1 c5 78.Kf4 Be6 79.Ne3+ Kf2 80.
Nd1+ Ke1 81.Ne3 f2 0-1

[Event "5th Asia-ch"]
[Site "Hyderabad IND"]
[Date "2005.10.07"]
[Round "2"]
[White "Roy Chowdhury, Saptarshi"]
[Black "Palit, Somak"]
[Result "1/2-1/2"]
[WhiteElo "2397"]
[BlackElo "2312"]
[EventDate "2005.10.05"]
[PlyCount "35"]

1.d4 d5 2.Nf3 Nf6 3.Nbd2 c5 4.e3 e6 5.c3 Be7 6.Bd3 O-O 7.dxc5 Bxc5 8.b4 
Be7 9.a3 b6 10.Bb2 Bb7 11.O-O Nbd7 12.c4 Rc8 13.Qe2 Bd6 14.Rfd1 Qe8 15.
cxd5 Nxd5 16.Nc4 Bb8 17.Nfe5 Nxe5 18.Nxe5 1/2-1/2

[Event "5th Asia-ch"]
[Site "Hyderabad IND"]
[Date "2005.10.07"]
[Round "2"]
[White "Singh, Rishipal"]
[Black "Rohit, Goginenni"]
[Result "0-1"]
[WhiteElo "2299"]
[BlackElo "2401"]
[EventDate "2005.10.05"]
[PlyCount "54"]

1.c4 e5 2.Nc3 Nf6 3.Nf3 Nc6 4.e4 Bb4 5.d3 d6 6.g3 O-O 7.Bg2 Ne8 8.O-O Bxc3
9.bxc3 f5 10.exf5 Bxf5 11.Ng5 Nf6 12.f4 Qd7 13.d4 e4 14.Re1 Rae8 15.d5 Na5
16.Qd4 a6 17.g4 Bxg4 18.Nxe4 Nxe4 19.Rxe4 Bh3 20.Bf3 Rxe4 21.Bxe4 Qg4+ 22.
Kf2 Qh4+ 23.Kf3 Bg4+ 24.Kg2 Qh3+ 25.Kg1 Bf3 26.Bxf3 Qxf3 27.Bd2 Rf6 0-1

[Event "5th Asia-ch"]
[Site "Hyderabad IND"]
[Date "2005.10.07"]
[Round "2"]
[White "Babu, N. Sudhakar"]
[Black "Poobesh Anand, Selvaraj"]
[Result "1/2-1/2"]
[WhiteElo "2298"]
[BlackElo "2397"]
[EventDate "2005.10.05"]
[PlyCount "22"]

1.d4 Nf6 2.c4 e6 3.Nc3 Bb4 4.Qc2 O-O 5.a3 Bxc3+ 6.Qxc3 b6 7.Bg5 Bb7 8.e3 
d6 9.Ne2 Nbd7 10.Qd3 h6 11.Bh4 e5 1/2-1/2

[Event "5th Asia-ch"]
[Site "Hyderabad IND"]
[Date "2005.10.08"]
[Round "3"]
[White "Ravi, Lanka"]
[Black "Neelotpal, Das"]
[Result "0-1"]
[WhiteElo "2419"]
[BlackElo "2509"]
[EventDate "2005.10.05"]
[PlyCount "72"]

1.d4 d5 2.Nf3 Nf6 3.c4 c6 4.e3 Bf5 5.Nc3 e6 6.Nh4 Bg6 7.Qb3 Qc7 8.Bd2 Nbd7
9.Rc1 Nb6 10.cxd5 exd5 11.g3 Be7 12.a4 a5 13.Nxg6 hxg6 14.Bd3 Bb4 15.f3 
O-O 16.Kf2 Qe7 17.Kg2 Rad8 18.Rcd1 c5 19.dxc5 Nbd7 20.Bb5 Ne5 21.Rhf1 Qxc5
22.Bc1 Nc6 23.Na2 g5 24.h3 Qd6 25.Nxb4 Nxb4 26.g4 Nd7 27.Bd2 Ne5 28.Be1 
Nbc6 29.h4 Qf6 30.hxg5 Qxg5 31.Rh1 Nxf3 32.Bg3 Qxg4 33.Qc2 f5 34.Be2 Nce5 
35.Qb3 Qe4 36.Kf2 Ng4+ 0-1

[Event "5th Asia-ch"]
[Site "Hyderabad IND"]
[Date "2005.10.08"]
[Round "3"]
[White "Zhang Zhong"]
[Black "Zhao Jun"]
[Result "1-0"]
[WhiteElo "2598"]
[BlackElo "2500"]
[EventDate "2005.10.05"]
[PlyCount "99"]

1.e4 c5 2.Nf3 Nc6 3.d4 cxd4 4.Nxd4 Nf6 5.Nc3 e5 6.Ndb5 d6 7.Bg5 a6 8.Na3 
b5 9.Bxf6 gxf6 10.Nd5 f5 11.g3 fxe4 12.Bg2 Be6 13.Bxe4 Rc8 14.c3 Bg7 15.
Qh5 Ne7 16.Rd1 Nxd5 17.Bxd5 O-O 18.Nc2 Qd7 19.Ne3 Kh8 20.O-O f5 21.Rd2 
Bxd5 22.Nxd5 Rce8 23.f4 Qa7+ 24.Kg2 Qb7 25.Qf3 Bh6 26.Rfd1 Qg7 27.Rf2 Re6 
28.Re2 Qf7 29.Rde1 Rfe8 30.Nb4 a5 31.Nc6 e4 32.Qe3 Rg6 33.Nxa5 Qxa2 34.Nc6
Bg7 35.Rd2 Qb3 36.Nb4 d5 37.Nxd5 Rd6 38.Nb4 Red8 39.Ree2 h6 40.Rxd6 Rxd6 
41.Rd2 Rxd2+ 42.Qxd2 Bf8 43.Qd4+ Kh7 44.Qd7+ Kh8 45.Nd5 Qxb2+ 46.Kh3 Qd2 
47.Qxf5 Bg7 48.Qxe4 Bxc3 49.Qe8+ Kg7 50.Qd7+ 1-0

[Event "5th Asia-ch"]
[Site "Hyderabad IND"]
[Date "2005.10.08"]
[Round "3"]
[White "Li Shilong"]
[Black "Sadvakasov, Darmen"]
[Result "1-0"]
[WhiteElo "2510"]
[BlackElo "2612"]
[EventDate "2005.10.05"]
[PlyCount "115"]

1.e4 c5 2.Nf3 d6 3.d4 cxd4 4.Nxd4 Nf6 5.Nc3 a6 6.Be2 e5 7.Nb3 Be7 8.Be3 
Be6 9.f4 exf4 10.Bxf4 Nc6 11.Qd2 Rc8 12.O-O-O Ne5 13.Kb1 Qc7 14.h3 O-O 15.
g4 b5 16.Rhe1 Rfe8 17.g5 b4 18.Nd5 Nxe4 19.Nxc7 Nxd2+ 20.Bxd2 Rxc7 21.Bxb4
Bxh3 22.Bxa6 Bf5 23.Nd4 Bg6 24.a4 Ra8 25.Bb5 Rac8 26.Ka2 Ra7 27.c3 Bh5 28.
Rd2 g6 29.Rg1 Bf3 30.b3 Ba8 31.Rg3 h5 32.gxh6 Kh7 33.Be2 Bh4 34.Rh3 Bg5 
35.Rd1 d5 36.Bd6 Nc6 37.Bg4 f5 38.Nxf5 Rd8 39.Bc5 Rf7 40.Nd4 Nxd4 41.Bxd4 
Rf4 42.Be2 Bf6 43.Rf3 Rxf3 44.Bxf3 Bh4 45.b4 Rf8 46.Bg2 Kxh6 47.Kb3 g5 48.
b5 Bg3 49.a5 g4 50.Rh1+ Kg5 51.Rh8 Rxh8 52.Bxh8 Bc7 53.a6 Kf4 54.Bd4 Kg3 
55.Bf1 Kh2 56.b6 Bxb6 57.Bxb6 g3 58.Bb5 1-0

[Event "5th Asia-ch"]
[Site "Hyderabad IND"]
[Date "2005.10.08"]
[Round "3"]
[White "Rahman, Ziaur"]
[Black "Hossain, Enamul"]
[Result "1-0"]
[WhiteElo "2570"]
[BlackElo "2476"]
[EventDate "2005.10.05"]
[PlyCount "116"]

1.Nf3 Nf6 2.c4 g6 3.Nc3 Bg7 4.e4 d6 5.d4 O-O 6.h3 e5 7.d5 a5 8.Bg5 Na6 9.
Nh2 h6 10.Be3 Nc5 11.Qc2 c6 12.Be2 cxd5 13.cxd5 Bd7 14.Ng4 h5 15.Nxe5 Nxd5
16.Nxd5 Bxe5 17.O-O Rc8 18.f4 Na4 19.Qd2 Bxb2 20.Bd4 Rc2 21.Qd1 f5 22.Bf6 
Rxf6 23.Qxc2 Bxa1 24.Rxa1 Rf8 25.exf5 gxf5 26.Bxh5 Be6 27.Bf3 Nc5 28.Re1 
Qh4 29.Qd2 Kh7 30.Re2 Rf7 31.Qd4 Bxd5 32.Qxd5 Qf6 33.Rd2 Rd7 34.g4 Kg7 35.
g5 Qc3 36.Kf2 Ne6 37.Qxe6 Qxd2+ 38.Kg3 Kf8 39.h4 Rf7 40.g6 Rc7 41.h5 Qd4 
42.Qxf5+ Kg7 43.h6+ Kxh6 44.Qh5+ Kg7 45.Qh7+ Kf6 46.Qxc7 Qg1+ 47.Kh3 Qf1+ 
48.Bg2 Qd3+ 49.Kh2 Kxg6 50.Qxb7 Qd2 51.Qe4+ Kf6 52.a4 Qf2 53.Kh3 Qd2 54.
Bf3 Qf2 55.Qd3 Qc5 56.Qd5 Qa3 57.Kg4 Qxa4 58.Qxd6+ Kg7 1-0

[Event "5th Asia-ch"]
[Site "Hyderabad IND"]
[Date "2005.10.08"]
[Round "3"]
[White "Annageldiev, Orazly"]
[Black "Sandipan, Chanda"]
[Result "1-0"]
[WhiteElo "2469"]
[BlackElo "2560"]
[EventDate "2005.10.05"]
[PlyCount "139"]

1.e4 c5 2.Nf3 d6 3.d4 cxd4 4.Nxd4 Nf6 5.Nc3 a6 6.Be3 e5 7.Nb3 Be6 8.Qd2 
Nbd7 9.f3 b5 10.g4 Nb6 11.Qf2 Nc4 12.Bxc4 bxc4 13.Nd2 Rb8 14.g5 Nh5 15.Nd5
Bxd5 16.exd5 Qa5 17.O-O Qxd5 18.Qh4 g6 19.Qxc4 Qxc4 20.Nxc4 Be7 21.b3 Ng7 
22.Rad1 Nf5 23.Bc1 h6 24.f4 hxg5 25.fxe5 dxe5 26.Nxe5 Rb6 27.Rfe1 Re6 28.
Nf3 g4 29.Rxe6 fxe6 30.Ne5 Bc5+ 31.Kg2 Nh4+ 32.Kg3 Nf5+ 33.Kg2 Nh4+ 34.Kg3
Bd6 35.Bf4 g5 36.Kxg4 Nf5 37.Kxg5 Be7+ 38.Kg4 Rh4+ 39.Kf3 Rh3+ 40.Ke2 Bd6 
41.Rd3 Rh4 42.Kf3 Rh3+ 43.Ke4 Rh4 44.Ng6 Rg4 45.Kf3 Rxg6 46.Bxd6 Nh4+ 47.
Ke2 Rg2+ 48.Kd1 Rg1+ 49.Kd2 Rg2+ 50.Kc3 Nf5 51.Bb8 Re2 52.Rd2 Re4 53.a4 
Ke7 54.Kb2 Kf6 55.c4 e5 56.Rd5 Re2+ 57.Ka3 e4 58.Ra5 e3 59.Rxa6+ Ke7 60.
Ra5 Nd4 61.Re5+ Kf6 62.Re4 Rd2 63.a5 e2 64.Bg3 Rd3 65.Ka4 Kf5 66.Re5+ Kf6 
67.Re8 Nf3 68.Rxe2 Rxb3 69.Be5+ Kf5 70.Kxb3 1-0

[Event "5th Asia-ch"]
[Site "Hyderabad IND"]
[Date "2005.10.08"]
[Round "3"]
[White "Kunte, Abhijit"]
[Black "Sivanandan, B. S."]
[Result "1/2-1/2"]
[WhiteElo "2553"]
[BlackElo "2467"]
[EventDate "2005.10.05"]
[PlyCount "41"]

1.d4 Nf6 2.c4 g6 3.Nf3 Bg7 4.g3 O-O 5.Bg2 d5 6.cxd5 Nxd5 7.O-O Nb6 8.Nc3 
Nc6 9.d5 Na5 10.Qc2 c6 11.dxc6 Nxc6 12.Rd1 Bd7 13.Be3 Nc4 14.Bf4 Qc8 15.
Nd5 Nxb2 16.Ne5 Nxd1 17.Nxc6 Kh8 18.Ndxe7 Qe8 19.Rxd1 Bxc6 20.Nxc6 bxc6 
21.h4 1/2-1/2

[Event "5th Asia-ch"]
[Site "Hyderabad IND"]
[Date "2005.10.08"]
[Round "3"]
[White "Al-Rakib, Abdullah"]
[Black "Nguyen Anh Dung"]
[Result "1/2-1/2"]
[WhiteElo "2466"]
[BlackElo "2551"]
[EventDate "2005.10.05"]
[PlyCount "25"]

1.d4 Nf6 2.c4 e6 3.Nf3 Bb4+ 4.Bd2 Qe7 5.g3 Nc6 6.Nc3 Bxc3 7.Bxc3 Ne4 8.Rc1
O-O 9.Bg2 d6 10.d5 Nxc3 11.Rxc3 Nb8 12.dxe6 fxe6 13.O-O 1/2-1/2

[Event "5th Asia-ch"]
[Site "Hyderabad IND"]
[Date "2005.10.08"]
[Round "3"]
[White "Iuldachev, Saidali"]
[Black "Kaiumov, Sergei"]
[Result "1/2-1/2"]
[WhiteElo "2543"]
[BlackElo "2436"]
[EventDate "2005.10.05"]
[PlyCount "53"]

1.e4 e5 2.Nf3 Nf6 3.Nxe5 d6 4.Nf3 Nxe4 5.d4 d5 6.Bd3 Bd6 7.O-O O-O 8.Re1 
Re8 9.c4 c6 10.Nc3 Nxc3 11.bxc3 Rxe1+ 12.Qxe1 h6 13.c5 Bc7 14.Nh4 Nd7 15.
Nf5 Nf6 16.Ne7+ Kf8 17.Nxc8 Qxc8 18.a4 Qd7 19.Ra2 b6 20.Ba3 bxc5 21.Qb1 
Re8 22.Re2 Rxe2 23.Bxe2 Ne4 24.Bd3 Kg8 25.Bxe4 dxe4 26.Bxc5 Bd6 27.Bxd6 
1/2-1/2

[Event "5th Asia-ch"]
[Site "Hyderabad IND"]
[Date "2005.10.08"]
[Round "3"]
[White "Venkatesh, M. R."]
[Black "Zhou Jianchao"]
[Result "0-1"]
[WhiteElo "2431"]
[BlackElo "2516"]
[EventDate "2005.10.05"]
[PlyCount "96"]

1.e4 c5 2.Nf3 d6 3.d4 cxd4 4.Nxd4 Nf6 5.Nc3 a6 6.Bg5 e6 7.f4 Be7 8.Qf3 h6 
9.Bh4 Qc7 10.O-O-O Nbd7 11.Be2 Rb8 12.Bg3 b5 13.e5 Bb7 14.exd6 Bxd6 15.Qe3
Bc5 16.Bf3 O-O 17.Kb1 Rbc8 18.Qe2 Bxf3 19.Qxf3 Bxd4 20.Rxd4 Nd5 21.f5 Qc6 
22.fxe6 fxe6 23.Qe4 Nxc3+ 24.bxc3 Nf6 25.Qxc6 Rxc6 26.Rd6 Rxd6 27.Bxd6 Rd8
28.Bf4 Nd5 29.Be5 Ne3 30.Re1 Nc4 31.Bd4 Kf7 32.Kc1 Rd5 33.g4 e5 34.Bf2 Ke6
35.Bg3 Rd7 36.Bf2 Rf7 37.Bg3 Rf3 38.Rd1 Rxc3 39.Rd8 Ra3 40.Kb1 a5 41.Rc8 
a4 42.Rc5 Rf3 43.a3 Kd6 44.Rc8 Rf1+ 45.Ka2 Rc1 46.Rd8+ Ke6 47.Rb8 Rxc2+ 
48.Ka1 Rc3 0-1

[Event "5th Asia-ch"]
[Site "Hyderabad IND"]
[Date "2005.10.08"]
[Round "3"]
[White "Ghaem Maghami, Ehsan"]
[Black "Simonenko, Sergei"]
[Result "1-0"]
[WhiteElo "2586"]
[BlackElo "2409"]
[EventDate "2005.10.05"]
[PlyCount "139"]

1.e4 g6 2.d4 Bg7 3.c4 d6 4.Nc3 e5 5.d5 a5 6.a3 Nd7 7.Rb1 h5 8.Nf3 Bh6 9.b4
b6 10.Be2 Kf8 11.O-O Kg7 12.Ne1 axb4 13.axb4 Ngf6 14.Bb2 Re8 15.Ra1 Bb7 
16.Nc2 Qe7 17.Qd3 Rec8 18.Nb5 Ba6 19.Nca3 Bb7 20.Nc3 Qd8 21.Nab5 Rxa1 22.
Rxa1 Ra8 23.Na7 Ne8 24.g3 Kh7 25.Kg2 Qg5 26.Qf3 Qf6 27.Qxf6 Nexf6 28.Bd3 
Bd2 29.Kf3 Ne8 30.Ke2 Bh6 31.Bc2 Kg8 32.Ncb5 Bg7 33.Ra3 Kh7 34.Bc3 Bh6 35.
Ra1 Kg8 36.Be1 Kh7 37.Ra2 Kg8 38.Nc3 Kg7 39.f3 Kg8 40.Bf2 Bc1 41.Ba4 Ndf6 
42.Bc6 Bxc6 43.Nxc6 Rxa2+ 44.Nxa2 Bh6 45.c5 bxc5 46.bxc5 Nd7 47.cxd6 cxd6 
48.Ne7+ Kf8 49.Nc8 f5 50.Nc3 Bg5 51.Nb5 fxe4 52.fxe4 Be7 53.Kf3 Kf7 54.Be1
Nc5 55.Bb4 Nb7 56.Na3 Bf8 57.Nc4 Kf6 58.Nxe5 dxe5 59.Bxf8 Kf7 60.Bb4 Kf6 
61.Nb6 h4 62.gxh4 Kg7 63.Nc4 Nf6 64.Nxe5 Kh7 65.Be7 Ne8 66.Nc4 Kg7 67.e5 
Kf7 68.Bb4 Nc7 69.Ke4 Nd8 70.Ba5 1-0

[Event "5th Asia-ch"]
[Site "Hyderabad IND"]
[Date "2005.10.08"]
[Round "3"]
[White "Ganguly, Surya Shekhar"]
[Black "Laxman, Rajaram"]
[Result "1-0"]
[WhiteElo "2562"]
[BlackElo "2404"]
[EventDate "2005.10.05"]
[PlyCount "115"]

1.e4 e5 2.Nf3 Nc6 3.Bb5 Nf6 4.O-O Nxe4 5.d4 Nd6 6.Ba4 e4 7.Re1 Be7 8.Ne5 
O-O 9.Nc3 Bg5 10.Bxg5 Qxg5 11.Bxc6 dxc6 12.Nxe4 Nxe4 13.Rxe4 Bh3 14.Qf3 
Be6 15.Qe2 Rad8 16.Re1 Bd5 17.Rg4 Qh6 18.Rg3 Be6 19.c3 c5 20.dxc5 Rd2 21.
Qb5 Bd5 22.h3 a6 23.Qb4 a5 24.Qb5 Qf4 25.Nf3 Bc6 26.Qxa5 Rxb2 27.Qa3 Rc2 
28.Qb3 Rc1 29.Rxc1 Qxc1+ 30.Kh2 Re8 31.Qc4 h6 32.Qd4 g6 33.Ne5 Re6 34.Re3 
Qc2 35.Qd8+ Kg7 36.Qd4 Kg8 37.Nxc6 Rxe3 38.fxe3 bxc6 39.Qd8+ Kg7 40.Qd4+ 
Kg8 41.a4 Qa2 42.Qd8+ Kg7 43.Qd4+ Kg8 44.Qb4 g5 45.Qe4 Qe2 46.Qxc6 Qxe3 
47.Qxc7 Qxc3 48.a5 f5 49.Qc8+ Kg7 50.Qxf5 Qxa5 51.Qd7+ Kg6 52.Qd6+ Kg7 53.
c6 Qc3 54.c7 Kf7 55.Qd7+ Kf6 56.Qd8+ Kf7 57.Qd6 h5 58.Qd5+ 1-0

[Event "5th Asia-ch"]
[Site "Hyderabad IND"]
[Date "2005.10.08"]
[Round "3"]
[White "Rohit, Goginenni"]
[Black "Wu Wenjin"]
[Result "1/2-1/2"]
[WhiteElo "2401"]
[BlackElo "2523"]
[EventDate "2005.10.05"]
[PlyCount "104"]

1.e4 e5 2.Nf3 Nc6 3.Bb5 a6 4.Ba4 Nf6 5.O-O Be7 6.Re1 d6 7.Bxc6+ bxc6 8.d4 
exd4 9.Nxd4 Bd7 10.Qf3 O-O 11.Nc3 Re8 12.e5 dxe5 13.Nxc6 Bxc6 14.Qxc6 Bb4 
15.Bg5 Qd6 16.Qf3 Bxc3 17.Qxc3 Nd5 18.Qd2 f6 19.Be3 Qc6 20.Rad1 Rad8 21.
Qe2 Rd6 22.Bc1 Red8 23.a3 R8d7 24.h3 Ne7 25.Rxd6 cxd6 26.c4 Nf5 27.Qd3 g6 
28.Rd1 Kf7 29.Be3 Ke6 30.b4 Rc7 31.Rc1 Qb7 32.Rd1 Qc6 33.Rc1 Rb7 34.Rd1 h5
35.Re1 g5 36.c5 d5 37.Qe2 Rh7 38.Bxg5 Qb5 39.Qb2 Re7 40.g4 hxg4 41.hxg4 
Rg7 42.f4 Qd3 43.Rxe5+ fxe5 44.Qxe5+ Kf7 45.Qxf5+ Qxf5 46.gxf5 Rg8 47.Kf2 
Re8 48.c6 d4 49.c7 d3 50.Bd8 d2 51.c8=Q d1=Q 52.Qc7+ Kf8 1/2-1/2

[Event "5th Asia-ch"]
[Site "Hyderabad IND"]
[Date "2005.10.08"]
[Round "3"]
[White "Gupta, Abhijeet"]
[Black "Koneru, Humpy"]
[Result "0-1"]
[WhiteElo "2404"]
[BlackElo "2540"]
[EventDate "2005.10.05"]
[PlyCount "70"]

1.d4 e6 2.c4 c5 3.d5 exd5 4.cxd5 d6 5.Nc3 g6 6.e4 Bg7 7.Nf3 a6 8.a4 Bg4 9.
Qb3 Bxf3 10.Qxb7 Bxg2 11.Bxg2 Nd7 12.Bg5 Rb8 13.Bxd8 Rxb7 14.Ba5 Ne5 15.
Bf1 Nf3+ 16.Kd1 Rxb2 17.Bxa6 Nf6 18.Ra2 Rxa2 19.Nxa2 Nxe4 20.Ke2 Nd4+ 21.
Ke3 Nf6 22.Bb7 Kd7 23.Rb1 Rb8 24.Nc3 Ng4+ 25.Kd2 Ne5 26.Kd1 Nc4 27.Bc6+ 
Nxc6 28.dxc6+ Kc8 29.Nb5 Nxa5 30.Nxd6+ Kc7 31.Rxb8 Kxb8 32.c7+ Kxc7 33.
Ne8+ Kd7 34.Nxg7 Ke7 35.h4 Kf8 0-1

[Event "5th Asia-ch"]
[Site "Hyderabad IND"]
[Date "2005.10.08"]
[Round "3"]
[White "Yogesh, Gore"]
[Black "Lim Yee Weng"]
[Result "1/2-1/2"]
[WhiteElo "2316"]
[BlackElo "2348"]
[EventDate "2005.10.05"]
[PlyCount "97"]

1.Nf3 c5 2.g3 Nc6 3.Bg2 g6 4.d3 Bg7 5.Nbd2 e5 6.e4 Nge7 7.Nc4 d6 8.a4 O-O 
9.h4 h5 10.Be3 Bg4 11.Qd2 d5 12.Na3 dxe4 13.dxe4 Qxd2+ 14.Nxd2 b6 15.c3 
Rfd8 16.f3 Be6 17.Nac4 Rab8 18.Bf1 Nc8 19.Be2 Nd6 20.Nxd6 Rxd6 21.Nc4 Rd7 
22.g4 Kh7 23.gxh5 gxh5 24.Kf2 Bh6 25.Rag1 f6 26.Rd1 Rbd8 27.Rxd7+ Rxd7 28.
Rg1 Ne7 29.a5 Bxe3+ 30.Kxe3 Bxc4 31.Bxc4 Kh6 32.axb6 axb6 33.Be6 Rd6 34.
Bf5 b5 35.Ra1 Ng6 36.Bxg6 Kxg6 37.Ra5 Rb6 38.f4 exf4+ 39.Kxf4 c4 40.Ra7 b4
41.Rc7 bxc3 42.bxc3 Rb1 43.Rxc4 Rh1 44.Rc6 Rxh4+ 45.Kf3 Kf7 46.Rc7+ Ke6 
47.Rc6+ Ke7 48.Rc7+ Ke6 49.Rc6+ 1/2-1/2

[Event "5th Asia-ch"]
[Site "Hyderabad IND"]
[Date "2005.10.08"]
[Round "3"]
[White "Barua, Dibyendu"]
[Black "Sareen, Vishal"]
[Result "1/2-1/2"]
[WhiteElo "2475"]
[BlackElo "2375"]
[EventDate "2005.10.05"]
[PlyCount "80"]

1.e4 c5 2.Nf3 d6 3.d4 cxd4 4.Nxd4 Nf6 5.Nc3 Nc6 6.Be2 e5 7.Nf3 h6 8.O-O 
Be7 9.h3 O-O 10.Re1 Be6 11.Bf1 Qd7 12.Nd5 Bd8 13.c4 Nh7 14.Bd3 Ng5 15.Nh2 
Kh8 16.Be3 f5 17.exf5 Bxf5 18.Bxf5 Qxf5 19.Nf1 Ne6 20.Ng3 Qg6 21.Qg4 Qf7 
22.Ne4 Be7 23.Rad1 Rad8 24.Rd3 Ncd4 25.Qd1 a6 26.a4 b5 27.cxb5 axb5 28.a5 
b4 29.a6 Ra8 30.Qa4 Nc5 31.Nxc5 Qxd5 32.Bxd4 dxc5 33.Rxe5 Qd8 34.Rd5 Qb6 
35.Be3 Rxa6 36.Qc2 Ra1+ 37.Rd1 Rxd1+ 38.Qxd1 Qc6 39.Rd7 Bf6 40.Rd6 Qc7 
1/2-1/2

[Event "5th Asia-ch"]
[Site "Hyderabad IND"]
[Date "2005.10.08"]
[Round "3"]
[White "Yu Shaoteng"]
[Black "Konguvel, Ponnuswamy"]
[Result "1-0"]
[WhiteElo "2516"]
[BlackElo "2390"]
[EventDate "2005.10.05"]
[PlyCount "81"]

1.e4 c5 2.Nc3 d6 3.Nf3 Nf6 4.d4 cxd4 5.Nxd4 a6 6.Be2 e6 7.O-O Be7 8.f4 O-O
9.Kh1 Nc6 10.a4 Qc7 11.Be3 Re8 12.Bf3 Bd7 13.Nb3 b6 14.Qd2 Rab8 15.Bf2 Bc8
16.Bg3 Na5 17.Nxa5 bxa5 18.e5 Nd7 19.exd6 Qxd6 20.Qxd6 Bxd6 21.Rad1 Rb6 
22.b3 Bb4 23.Na2 Bc5 24.Be1 e5 25.Bxa5 Rh6 26.Rde1 Kf8 27.Bc3 Bd6 28.Bc6 
Re7 29.Bxd7 Rxd7 30.fxe5 Bc7 31.Bb4+ Re7 32.Nc3 Bb7 33.Rd1 Ke8 34.Bxe7 
Bxe5 35.Rfe1 Rxh2+ 36.Kg1 Rxg2+ 37.Kf1 f6 38.Bd6 Rxc2 39.Bxe5 fxe5 40.
Rxe5+ Kf7 41.Re7+ 1-0

[Event "5th Asia-ch"]
[Site "Hyderabad IND"]
[Date "2005.10.08"]
[Round "3"]
[White "Suvrajit, Saha"]
[Black "Kotsur, Pavel"]
[Result "0-1"]
[WhiteElo "2378"]
[BlackElo "2587"]
[EventDate "2005.10.05"]
[PlyCount "116"]

1.d4 Nf6 2.Nf3 e6 3.e3 c5 4.Bd3 b6 5.O-O Bb7 6.c4 d5 7.Nc3 dxc4 8.Bxc4 a6 
9.dxc5 Qxd1 10.Rxd1 b5 11.Be2 Bxc5 12.a3 Ke7 13.b4 Bd6 14.Bb2 Nbd7 15.Ng5 
Be5 16.Nf3 Bd6 17.Ng5 Rhf8 18.Bf3 Bxf3 19.gxf3 h6 20.Nge4 Be5 21.Rab1 Rfc8
22.Nxf6 gxf6 23.Ne4 Rc2 24.Rd2 Rxd2 25.Nxd2 Rc8 26.Bxe5 fxe5 27.Ra1 Rc2 
28.Nb3 Rc3 29.Nd2 Rd3 30.Ra2 f5 31.Kf1 Nb6 32.Ke2 Rc3 33.Kd1 Kd6 34.Nb1 
Rc4 35.Nd2 Rh4 36.Nf1 Nc4 37.Ke2 Kc6 38.Rc2 Kb6 39.Rc3 a5 40.bxa5+ Kxa5 
41.Nd2 Ka4 42.Nxc4 Rxc4 43.Rd3 e4 44.fxe4 fxe4 45.Rd6 Kxa3 46.Rxe6 b4 47.
Ra6+ Kb2 48.Rxh6 b3 49.Rb6 Kc3 50.h4 b2 51.Kd1 Ra4 52.Rc6+ Kb3 53.Rb6+ Ka2
54.Ke2 b1=Q 55.Rxb1 Kxb1 56.h5 Ra2+ 57.Kf1 Ra5 58.Kg2 Rxh5 0-1

[Event "5th Asia-ch"]
[Site "Hyderabad IND"]
[Date "2005.10.08"]
[Round "3"]
[White "Grigorian, Karen"]
[Black "Lukey, Stephen"]
[Result "1-0"]
[WhiteElo "2421"]
[BlackElo "2286"]
[EventDate "2005.10.05"]
[PlyCount "103"]

1.d4 Nf6 2.c4 g6 3.Nc3 Bg7 4.Bg5 O-O 5.e3 c5 6.Nf3 d6 7.Be2 h6 8.Bh4 Na6 
9.h3 Bf5 10.Bd3 Bxd3 11.Qxd3 cxd4 12.exd4 Rc8 13.O-O Re8 14.b3 d5 15.c5 
Nb4 16.Qb5 Nc6 17.Qxb7 Ne4 18.Ne2 f5 19.Nf4 Kf7 20.Nd3 g5 21.Bg3 f4 22.Bh2
Nxd4 23.Nde5+ Bxe5 24.Nxe5+ Kf6 25.Nd3 Rc7 26.Qa6+ Rc6 27.Qa4 e5 28.b4 Nc3
29.Qa3 Nce2+ 30.Kh1 h5 31.Nc1 Nxc1 32.Raxc1 g4 33.Bxf4 Ne2 34.Bg3 Kg7 35.
Rce1 Nxg3+ 36.Qxg3 Rg6 37.h4 e4 38.b5 d4 39.c6 d3 40.Kg1 Qb6 41.a4 Rf6 42.
Qe3 Qxe3 43.Rxe3 Rd6 44.Rd1 Rd4 45.f3 gxf3 46.gxf3 Rxa4 47.Rxe4 Rexe4 48.
fxe4 Rxe4 49.Rxd3 Kf6 50.c7 Rc4 51.Rd6+ Ke7 52.Rc6 1-0

[Event "5th Asia-ch"]
[Site "Hyderabad IND"]
[Date "2005.10.08"]
[Round "3"]
[White "Sharbaf, Mohsen"]
[Black "Moussa, Taleb"]
[Result "0-1"]
[WhiteElo "2387"]
[BlackElo "2510"]
[EventDate "2005.10.05"]
[PlyCount "104"]

1.e4 c5 2.Nc3 Nc6 3.f4 g6 4.Nf3 Bg7 5.Bc4 e6 6.f5 Nge7 7.fxe6 dxe6 8.d3 
Na5 9.Bb5+ Bd7 10.Bxd7+ Qxd7 11.O-O O-O 12.Qe1 Nac6 13.Qh4 Nd4 14.Ng5 h6 
15.Nh3 Nxc2 16.Bxh6 Bxh6 17.Qxh6 Qd4+ 18.Kh1 Nxa1 19.Rxa1 Qg7 20.Qg5 Nc6 
21.Qxc5 Qe5 22.Qe3 Rad8 23.Ng5 Nd4 24.Rf1 Kg7 25.Nh3 Rh8 26.Nd1 Nc6 27.Qf2
Rd7 28.Ne3 Nb4 29.Ng4 Qd4 30.Qf3 f5 31.Nf4 Re7 32.Nxg6 Kxg6 33.Qg3 Rh5 34.
Ne5+ Kf6 35.Ng4+ Kg6 36.Ne5+ Kf6 37.Nf3 Qxd3 38.e5+ Kf7 39.Rc1 Qd8 40.Ng5+
Rxg5 41.Qxg5 Qh8 42.Rc4 Rd7 43.Kg1 Qxe5 44.Qh5+ Ke7 45.Qg5+ Kd6 46.Qd2+ 
Nd5 47.Rd4 Kc7 48.Qa5+ Kb8 49.Rd1 Qe3+ 50.Kh1 Qb6 51.Qa3 Qd6 52.Qh3 a6 0-1

[Event "5th Asia-ch"]
[Site "Hyderabad IND"]
[Date "2005.10.08"]
[Round "3"]
[White "Singh, D. P."]
[Black "Gonzales, Jayson"]
[Result "0-1"]
[WhiteElo "2368"]
[BlackElo "2464"]
[EventDate "2005.10.05"]
[PlyCount "78"]

1.d4 Nc6 2.e4 e5 3.Nf3 exd4 4.Nxd4 g6 5.Nc3 Bg7 6.Be3 Nf6 7.Qd2 O-O 8.
O-O-O Re8 9.f3 d5 10.exd5 Nxd5 11.Nxc6 bxc6 12.Bd4 Nxc3 13.Bxc3 Qxd2+ 14.
Bxd2 Be6 15.Ba6 Rab8 16.b3 Be5 17.Bh6 c5 18.Be3 c4 19.Bc5 h5 20.g3 Bc3 21.
Rhf1 c6 22.Rd6 Bd5 23.Rd7 Re2 24.Re7 Rxh2 25.g4 Rd8 26.Rd1 cxb3 27.axb3 h4
28.Re3 Bf6 29.f4 Be6 30.Rxd8+ Bxd8 31.Bd6 Bb6 32.Re1 Rf2 33.Bc4 h3 34.f5 
gxf5 35.Bxe6 fxe6 36.Rxe6 fxg4 37.Rg6+ Kf7 38.Rxg4 h2 39.Bxh2 Rxh2 0-1